Inquietum Est Cor Nostrum

I tiakina i:
Ngā taipitopito rārangi puna kōrero
Kaituhi matua: Augfusto Guerriero
Hōputu: Pukapuka
Reo:Undetermined
I whakaputaina: Arnoldo Mondadori
Ngā Tūtohu: Tāpirihia he Tūtohu
Kāore He Tūtohu, Me noho koe te mea tuatahi ki te tūtohu i tēnei pūkete!

MARC

LEADER 00000nam a2200000Ia 4500
001 R-77
003 CODICE-MESSINA
005 20260212102446.0
008 260211s9999 xx 000 0 und d
040 |c importazione_messina 
100 |a Augfusto Guerriero 
245 0 |a Inquietum Est Cor Nostrum  
260 |b Arnoldo Mondadori  
942 |2 ddc  |c BK 
952 |0 0  |1 0  |2 ddc  |4 0  |6 SCAFFALE_1_000000000000000__RELIGIONE  |7 0  |9 30894  |a ME  |b ME  |d 2026-02-11  |l 0  |o SCAFFALE 1 - RELIGIONE  |p R-77  |r 2026-02-11 23:52:12  |w 2026-02-11  |x [REVISIONARE]  |y BK 
999 |c 26558  |d 26558